| 000 | 00000nam##2200000za#4500 |
| 001 | 9.573456 |
| 003 | CaOODSP |
| 005 | 20210624183719 |
| 007 | cr ||||||||||| |
| 008 | 150406|2002||||xxc|||||o f|0| 0 eng|d |
| 022 | |a1701-5413 |
| 040 | |aCaOODSP|beng |
| 043 | |an-cn--- |
| 086 | 1 |aFA1-2002/1-7E-PDF |
| 110 | 1 |aCanada. |bOffice of the Auditor General. |
| 245 | 10|aReport of the Auditor General of Canada to the House of Commons, 2002. Chapter 7, : |h[electronic resource]|bstrategies to implement modern comptrollership |
| 260 | |aOttawa - Ontario : |bOffice of the Auditor General of Canada |
| 300 | |a32p.|btables |
| 490 | 1 |aReport of the Auditor General of Canada to the House of Commons|x1701-5413|vApril 2002 |
| 500 | |aThe catalogue number (FA1-2002/1-7E) and ISBN (0-662-31965-6) for the print edition have been incorrectly copied in this electronic publication. |
| 590 | |a12-14-Supp|b2012-04-10 |
| 775 | 08|tRapport de la vérificatrice générale du Canada à la Chambre des communes, 2002. Chapitre 7, : |w(CaOODSP)9.603619 |
| 830 | #0|aReport of the Auditor General of Canada to the House of Commons,|x1701-5413|vApril 2002|w(CaOODSP)9.506219 |
| 856 | 40|ahttp://publications.gc.ca|qPDF|s429 KB|uhttps://publications.gc.ca/collections/Collection/FA1-2002-1-7E.pdf|yApril 2002 |